005460000a22001810004500090001300000100003300013700003200046245008400078044001100162041001400173650002700187650002900214651002000243653001700263942001300280773005400293999001700347 aSERIADAS1 aSantos Silva, Antonio9970731 aMartins, Ubirajara R.9929310aNova espécie de Physopleurus Lacordaire (Coleoptera, Cerambycidae, Prioninae) aBrasil0 aPortugues14aNuevas especies99290514aTaxonomía animal98245 4pColombia992749 ePhysopleurus cARTICULO1 tPapeis avulsos de zoologíah8q97-102d2009g49 c16412d16412